| 000 | 00865cam a22002535a 4500 | ||
|---|---|---|---|
| 001 | 18123819 | ||
| 005 | 20180104122035.0 | ||
| 008 | 140422t2014 gw a frbd 001 0 eng d | ||
| 020 | _a9783642399701 | ||
| 040 |
_aDLC _beng _cDLC _dEG-ScBUE |
||
| 082 | 0 | 4 |
_222 _a005.1 _bSYS |
| 245 | 0 | 0 |
_aSystems and software quality : _bthe next step for industrialisation / _c[edited by] Martin Wieczorek. |
| 260 |
_aBerlin : _bSpringer, _cc.2014. |
||
| 300 |
_axxxii, 177 p. : _bill. ; _c24 cm. |
||
| 500 | _aGlossary : p. 173-177. | ||
| 504 | _aIncludes bibliographical references and index. | ||
| 650 | 7 |
_2BUEsh _93832 _aSoftware engineering. |
|
| 650 | 7 |
_94818 _aComputer software _xQuality control. _2BUEsh |
|
| 650 | 7 |
_aComputer software industry _2BUEsh |
|
| 651 | _2BUEsh | ||
| 653 |
_bGGEN _bCOMSCI _cJanuary2018 |
||
| 700 | 1 |
_aWieczorek, Martin, _eeditor. |
|
| 942 | _2ddc | ||
| 999 |
_c25859 _d25831 |
||